Hravý zeměpis 9 : lidé a hospodářství : pro 9. ročník ZŠ a víceletá gymnázia : v souladu s RVP /

Hlavní autor: Strašilová, Gabriela
Další autoři: Kubů, Eliška, Kyšová, Eva, Géringová, Jana, Hložková, Markéta, Klopacz, Zuzana, Knůrová, Kateřina, Martincová, Iveta, Šimon, Petr, Venhudová, Petra
Jazyk: Čeština
Vydáno: Praha : Taktik, [2015]-2020
Vydání: 2. vydání
Témata:
Fyzický popis: 2 svazky : ilustrace (převážně barevné), mapy, portréty ; 30 cm
Odebírané svazky: učebnice, pracovní sešit
Knihy
Uloženo v:
LEADER 03120nam a2200721 ia4500
001 nkc20213318757
003 CZ PrNK
005 20210921103503.0
007 ta
008 210412m20152020xr abc c p 001 0 cze
015 |a cnb003318757  |z cnb002783835 
020 |a 978-80-7563-287-6  |q (učebnice ;  |q brožováno) 
020 |a 978-80-87881-93-4  |q (pracovní sešit ;  |q brožováno) 
035 |a (OCoLC)982108327 
040 |a OLA001  |b cze  |d ABA001  |e rda 
072 7 |a 911  |x Obecná geografie. Systematická geografie  |2 Konspekt  |9 7 
072 7 |a 37.016  |x Učební osnovy. Vyučovací předměty. Učebnice  |2 Konspekt  |9 22 
080 |a 91  |2 MRF 
080 |a 911.3  |2 MRF 
080 |a (075.2)  |2 MRF 
080 |a (075.3)  |2 MRF 
080 |a (076.1)  |2 MRF 
100 1 |a Strašilová, Gabriela  |7 xx0237001  |4 aut 
245 1 0 |a Hravý zeměpis 9 :  |b lidé a hospodářství : pro 9. ročník ZŠ a víceletá gymnázia : v souladu s RVP /  |c autoři: Gabriela Strašilová, Eliška Kubů, Eva Kyšová 
246 3 0 |a Lidé a hospodářství 
246 3 0 |a Zeměpis 9 
246 3 0 |a Hravý zeměpis 
250 |a 2. vydání 
264 1 |a Praha :  |b Taktik,  |c [2015]-2020 
300 |a 2 svazky :  |b ilustrace (převážně barevné), mapy, portréty ;  |c 30 cm 
336 |a text  |b txt  |2 rdacontent 
337 |a bez média  |b n  |2 rdamedia 
338 |a svazek  |b nc  |2 rdacarrier 
500 |a Název z obálky 
500 |a Obsahuje rejstřík 
505 0 |a Učebnice. 2020. 100 stran -- Pracovní sešit / autoři Jana Géringová, Markéta Hložková, Zuzana Klopacz, Kateřina Knůrová, Iveta Martincová, Petr Šimon, Petra Venhudová. ©2015. 56 stran + politická mapa světa (30 x 42 cm) 
650 0 7 |a zeměpis  |7 ph116771  |2 czenas 
650 0 7 |a socioekonomická geografie  |7 ph116196  |2 czenas 
650 0 9 |a geography (school subject)  |2 eczenas 
650 0 9 |a socioeconomic geography  |2 eczenas 
655 7 |a učebnice základních škol  |7 fd133773  |2 czenas 
655 7 |a učebnice středních škol  |7 fd133771  |2 czenas 
655 7 |a pracovní sešity  |7 fd133116  |2 czenas 
655 9 |a textbooks (elementary)  |2 eczenas 
655 9 |a textbooks (secondary)  |2 eczenas 
655 9 |a activity books  |2 eczenas 
700 1 |a Kubů, Eliška  |7 jo2017975486  |4 aut 
700 1 |a Kyšová, Eva  |7 xx0237028  |4 aut 
700 1 |a Géringová, Jana  |7 xx0182422  |4 aut 
700 1 |a Hložková, Markéta  |7 jo2017944095  |4 aut 
700 1 |a Klopacz, Zuzana  |7 jo2016930554  |4 aut 
700 1 |a Knůrová, Kateřina  |7 xx0197632  |4 aut 
700 1 |a Martincová, Iveta  |7 osa2016928546  |4 aut 
700 1 |a Šimon, Petr  |7 mzk2015858622  |4 aut 
700 1 |a Venhudová, Petra  |7 jo2017944094  |4 aut 
740 0 2 |a Politická mapa světa 
910 2 |a BOA001  |b 4-1382.182  |s učebnice, pracovní sešit 
928 9 |a Taktik International 
990 |a BK 
995 |a 01 
991 |b 201702  |c NOV 
996 6 |b 2610696240  |c 4-1382.182  |d 2, pracovní sešit  |v 2  |l MZK  |r Sklad / do 1 hodiny  |n 2  |p p.v.  |w 001598012  |u 000010  |a 1  |e BOA001  |j MZK50  |s P 
996 6 |b 2610865667  |c 4-1382.182  |d 1, učebnice  |v 1  |l MZK  |r Sklad / do 1 hodiny  |n 1  |p p.v.  |w 001598012  |u 000020  |a 1  |e BOA001  |j MZK50  |s P